01317nam a2200325 a 4500001001000000003000500010005001700015008004100032010001100073011001100084020001800095040000900113082001700122100002600139245013300165260007800298300002800376490002000404534010700424590004000531650003100571700002600602830002800628901000700656942001000663942000600673999001900679952014400698952014900842000107852CHAP20220329143946.0131111s2011 fr a |r| |||||||spa d a104314 a105286 a9786070227622 cCHAP04a338.542bK261 aKeeley, Brian912458610aDe la crisis a la recuperación :bcausas, desarrollo y consecuencias de la gran recesión /cpor Brian Keeley y Patrick Love. aParís :bUNAM. Instituto de Investigaciones EconómicasbOCDE,cc2011. a157 p. :bil., gráfs.1 aEsenciales OCDE pTít. original :tFrom crisis to recovery: the causes, course and consequences of the great recession aE6096MTMb05c20131111lUCH01h145314aCrisis económica.9289751 aLove, Patrick9124587 0aEsenciales OCDE9124589 aBK cLIBRO n0 c104314d104314 00102ddc4052708GRALaBCbBCcPA_GRALd2013-11-11eI.c/efLIBROl0o338.542 K26p33724002340470r2019-12-31 00:00:00w2013-11-11yLIBRO 00102ddc4052708GRALaBCbBCcPA_GRALd2013-11-11eI.c/efLIBROl0o338.542 K26p33724002340512r2019-12-31 00:00:00tc.2w2013-11-11yLIBRO